Vidas truncadas : (Registro nro. 14299)

Detalles MARC
000 -LEADER
fixed length control field 01361nam a2200337 a 4500
001 - CONTROL NUMBER
control field
003 - CONTROL NUMBER IDENTIFIER
control field DO-SdBNP
005 - DATE AND TIME OF LATEST TRANSACTION
control field 20221006092254.0
008 - FIXED-LENGTH DATA ELEMENTS--GENERAL INFORMATION
fixed length control field 140326s2014 dr 000 0 spa d
020 ## - INTERNATIONAL STANDARD BOOK NUMBER
International Standard Book Number 9789993450146
040 ## - CATALOGING SOURCE
Original cataloging agency DO-SdBNP
Language of cataloging spa
Transcribing agency BPMSU
082 ## - DEWEY DECIMAL CLASSIFICATION NUMBER
Classification number 323.622
Item number M516v 2014
Edition number 22
100 1# - MAIN ENTRY--PERSONAL NAME
Personal name Mejía Gómez, Manuel Z.
245 10 - TITLE STATEMENT
Title Vidas truncadas :
Remainder of title estudio sociológico sobre el impacto de la falta de documentos de identidad en la escolaridad de menores de ascendencia haitiana en República Dominicana. El caso de San Pedro de Macorís /
Statement of responsibility, etc. Manuel Z. Mejía Gómez, César Cuello Nieto.
260 ## - PUBLICATION, DISTRIBUTION, ETC. (IMPRINT)
Place of publication, distribution, etc. Santo Domingo :
Name of publisher, distributor, etc. FLACSO,
Date of publication, distribution, etc. 2014.
300 ## - PHYSICAL DESCRIPTION
Extent 332 p. ;
Dimensions 23 cm.
500 ## - GENERAL NOTE
General note Incluye referencias bibliográficas y notas al pie de las páginas
504 ## - BIBLIOGRAPHY, ETC. NOTE
Bibliography, etc Bibliografía p : 303-320.
590 ## - LOCAL NOTE (RLIN)
Local note Inventariado, 2022/VM
650 #4 - SUBJECT ADDED ENTRY--TOPICAL TERM
Topical term or geographic name as entry element Niños
General subdivision Estado legal, legislación, etc.
Geographic subdivision República Dominicana
650 #4 - SUBJECT ADDED ENTRY--TOPICAL TERM
Topical term or geographic name as entry element Hijos de inmigrantes
General subdivision Derechos civiles
Geographic subdivision República Dominicana
650 #4 - SUBJECT ADDED ENTRY--TOPICAL TERM
Topical term or geographic name as entry element Cédula de ciudadanía
Geographic subdivision República Dominicana
650 #4 - SUBJECT ADDED ENTRY--TOPICAL TERM
Topical term or geographic name as entry element Tarjeta de identidad
Geographic subdivision República Dominicana
651 #4 - SUBJECT ADDED ENTRY--GEOGRAPHIC NAME
Geographic name República Dominicana
General subdivision Condiciones sociales
651 #4 - SUBJECT ADDED ENTRY--GEOGRAPHIC NAME
Geographic name
655 ## - INDEX TERM--GENRE/FORM
Genre/form data or focus term
700 1# - ADDED ENTRY--PERSONAL NAME
Personal name Cuello Nieto, César
710 ## - ADDED ENTRY--CORPORATE NAME
Corporate name or jurisdiction name as entry element FLACSO Programa (República Dominicana)
910 ## - USER-OPTION DATA (OCLC)
User-option data VMateo V./Validado
942 ## - ADDED ENTRY ELEMENTS (KOHA)
Source of classification or shelving scheme Dewey Decimal Classification
Koha item type Libros
Existencias
Withdrawn status Lost status Source of classification or shelving scheme Damaged status Not for loan Collection code Home library Current library Date acquired Total Checkouts Full call number Barcode Date last seen Price effective from Koha item type Copy number
    Dewey Decimal Classification     Colección Dominicana Biblioteca Pública Metropolitana Salomé Ureña Biblioteca Pública Metropolitana Salomé Ureña 10/06/2022   BPMSU CD 323.622 M516v 2014 BPMSU22100027 10/06/2022 10/06/2022 Libros  
    Dewey Decimal Classification     Colección Dominicana Biblioteca Pública Metropolitana Salomé Ureña Biblioteca Pública Metropolitana Salomé Ureña 10/06/2022   BPMSU CD 323.622 M516v 2014 BPMSU22100028 10/06/2022 10/06/2022 Libros e.2
    Dewey Decimal Classification     Colección Dominicana Biblioteca Pública Metropolitana Salomé Ureña Biblioteca Pública Metropolitana Salomé Ureña 10/06/2022   BPMSU CD 323.622 M516v 2014 BPMSU22100029 10/06/2022 10/06/2022 Libros e.3